Introducción a la ciencia / (Record no. 27015)

MARC details
000 -LEADER
campo de control de longitud fija 00630nam a2200205 i 4500
001 - NÚMERO DE CONTROL
campo de control 27015
003 - IDENTIFICADOR DE NÚMERO DE CONTROL
campo de control ES-MaACL
005 - FECHA Y HORA DE LA ÚLTIMA TRANSACCIÓN
campo de control 20251003185042.0
007 - CAMPO FIJO DE DESCRIPCIÓN FÍSICA--INFORMACIÓN GENERAL
campo de control de longitud fija t|
008 - DATOS DE LONGITUD FIJA--INFORMACIÓN GENERAL
campo de control de longitud fija 030113s1973 sp ||||1| spa d
100 1# - ENTRADA PRINCIPAL--NOMBRE DE PERSONA
Nombre de persona Asimov, Isaac.
9 (RLIN) 23610
245 10 - MENCIÓN DEL TÍTULO
Título Introducción a la ciencia /
Mención de responsabilidad, etc. Isaac Asimov ; [traducción de Jorge de Orús, Manuel Vázquez].
250 ## - MENCION DE EDICION
Mención de edición [1ª ed.].
260 ## - PUBLICACIÓN, DISTRIBUCIÓN, ETC.
Lugar de publicación, distribución, etc. Barcelona :
Nombre del editor, distribuidor, etc. Plaza & Janés,
Fecha de publicación, distribución, etc. [1973]
300 ## - DESCRIPCIÓN FÍSICA
Extensión 815 p., 24 lám. ;
Dimensiones 22 cm.
700 1# - ENTRADA AGREGADA--NOMBRE PERSONAL
Nombre de persona Orús, Jorge de.
9 (RLIN) 87697
700 1# - ENTRADA AGREGADA--NOMBRE PERSONAL
Nombre de persona Vázquez Tomás, Manuel
9 (RLIN) 113375
852 ## - LOCALIZACIÓN
Ubicación ES-MaACL
Número de control de estantería C-55214
Sublocalización o colección R.87761
Holdings
Estatus retirado Estado de pérdida Estado de daño No para préstamo Biblioteca de origen Biblioteca actual Ubicación en estantería Fecha de adquisición Fuente de adquisición Total de préstamos Signatura topográfica completa Código de barras Visto por última vez Precio de reemplazo Tipo de ítem Koha
        Biblioteca del Ateneo de Madrid Biblioteca del Ateneo de Madrid Depósito 2 17/01/2008     C-55214 1027884 23/02/2023 23/02/2023 Libro impreso